Southville International School and Colleges
Your cart is empty.
  • Cart
  • Lists
    Public lists Eva Luna New books Lux_list list_1
    Your lists Log in to create your own lists
  • Log in to your account
  • Your cookies
  • Search history
Southville International School and Colleges
  • Advanced search
  • Recent comments
  • Most popular
  • Libraries

Log in to your account

Log in with GOOGLE


If you do not have an external account, but do have a local account, you can still log in:

  1. Home
  2. MARC view: Painless English for speakers of other languages
Normal view MARC view ISBD view

Painless English for speakers of other languages (Record no. 15176)

[ view plain ]
MARC details
000 -LEADER
fixed length control field 01533cam a2200409 a 4500
001 - CONTROL NUMBER
control field 14400286
003 - CONTROL NUMBER IDENTIFIER
control field OSt
005 - DATE AND TIME OF LATEST TRANSACTION
control field 20140310182702.0
008 - FIXED-LENGTH DATA ELEMENTS--GENERAL INFORMATION
fixed length control field 060605s2007 njua 000 0 eng
010 ## - LIBRARY OF CONGRESS CONTROL NUMBER
LC control number 2006018471
015 ## - NATIONAL BIBLIOGRAPHY NUMBER
National bibliography number GBA6A6219
Source bnb
016 7# - NATIONAL BIBLIOGRAPHIC AGENCY CONTROL NUMBER
Record control number 013629560
Source Uk
020 ## - INTERNATIONAL STANDARD BOOK NUMBER
International Standard Book Number 0764135627
020 ## - INTERNATIONAL STANDARD BOOK NUMBER
International Standard Book Number 9780764135620
035 ## - SYSTEM CONTROL NUMBER
System control number (OCoLC)ocm70061024
035 ## - SYSTEM CONTROL NUMBER
System control number (OCoLC)70061024
040 ## - CATALOGING SOURCE
Original cataloging agency DLC
Transcribing agency DLC
Modifying agency YDX
-- BAKER
-- BTCTA
-- UKM
-- YDXCP
-- DLC
050 00 - LIBRARY OF CONGRESS CALL NUMBER
Classification number PE 1128
Item number .St912 2007
082 00 - DEWEY DECIMAL CLASSIFICATION NUMBER
Classification number M 428.0071
-- 22
Item number S885 2007
100 1# - MAIN ENTRY--PERSONAL NAME
Personal name Strausser, Jeffrey.
245 10 - TITLE STATEMENT
Title Painless English for speakers of other languages
Statement of responsibility, etc Strausser, Jeffrey
260 ## - PUBLICATION, DISTRIBUTION, ETC. (IMPRINT)
Place of publication, distribution, etc Hauppauge, N.Y.
Name of publisher, distributor, etc Barron's Educational Series
Date of publication, distribution, etc c2007
300 ## - PHYSICAL DESCRIPTION
Extent xii, 273 p.
Other physical details ill.
Dimensions 23 cm.
521 ## - TARGET AUDIENCE NOTE
Target audience note
526 ## - STUDY PROGRAM INFORMATION NOTE
Reading level 1210L to 1700L
541 ## - IMMEDIATE SOURCE OF ACQUISITION NOTE
-- 1
562 ## - COPY AND VERSION IDENTIFICATION NOTE
Number of copies for circulation. 1copy available in the collection
650 #0 - SUBJECT ADDED ENTRY--TOPICAL TERM
Topical term or geographic name as entry element English language
General subdivision Study and teaching
-- Foreign speakers.
650 #0 - SUBJECT ADDED ENTRY--TOPICAL TERM
Topical term or geographic name as entry element Middle school students
General subdivision Language.
650 #0 - SUBJECT ADDED ENTRY--TOPICAL TERM
Topical term or geographic name as entry element English language
Form subdivision Textbooks for foreign speakers.
700 1# - ADDED ENTRY--PERSONAL NAME
Personal name Paniza, Jose.
856 41 - ELECTRONIC LOCATION AND ACCESS
Materials specified Table of contents only
Uniform Resource Identifier <a href="http://www.loc.gov/catdir/toc/ecip0615/2006018471.html">http://www.loc.gov/catdir/toc/ecip0615/2006018471.html</a>
856 42 - ELECTRONIC LOCATION AND ACCESS
Materials specified Publisher description
Uniform Resource Identifier <a href="http://www.loc.gov/catdir/enhancements/fy0701/2006018471-d.html">http://www.loc.gov/catdir/enhancements/fy0701/2006018471-d.html</a>
906 ## - LOCAL DATA ELEMENT F, LDF (RLIN)
a 7
b cbc
c orignew
d 1
e ecip
f 20
g y-gencatlg
942 ## - ADDED ENTRY ELEMENTS (KOHA)
Source of classification or shelving scheme Library of Congress Classification
Koha item type Books
Call number prefix
Holdings
Withdrawn status Lost status Source of classification or shelving scheme Damaged status Home library Current library Shelving location Date acquired Total Checkouts Full call number Barcode Date last seen Copy number Price effective from Koha item type
    Library of Congress Classification   College Library College Library General Circulation Section 04/19/2012   PE 1128 .St912 2007 c14054 05/15/2018 1 04/19/2012 Books

Painless English for speakers of other languages

APA

Strausser J., Paniza J., . (2007). Painless English for speakers of other languages. Hauppauge, N.Y: Barron's Educational Series.

Chicago

Strausser Jeffrey, Paniza Jose, . 2007. Painless English for speakers of other languages. Hauppauge, N.Y: Barron's Educational Series.

Harvard

Strausser J., Paniza J., . (2007). Painless English for speakers of other languages. Hauppauge, N.Y: Barron's Educational Series.

MLA

Strausser Jeffrey, Paniza Jose, . Painless English for speakers of other languages. Hauppauge, N.Y: Barron's Educational Series. 2007.

  • Place hold
  • Print
  • Cite
  • Add to your cart (remove)
  • Save record
    BIBTEX Dublin Core MARCXML MARC (non-Unicode/MARC-8) MARC (Unicode/UTF-8) MARC (Unicode/UTF-8, Standard) MODS (XML) RIS
  • More searches
    Search for this title in:
    Other Libraries (WorldCat) Other Databases (Google Scholar) Online Stores (Bookfinder.com) Open Library (openlibrary.org)

Exporting to Dublin Core...

SOUTHVILLE LIBRARY

Southville International School and Colleges Library

1281 Tropical Ave. Cor. Luxembourg St., BF Homes International, Las Pinas City

Tel. No. 8256374 / 252358 Loc. 117/146

Powered by Koha